000
00291nam a2200121Ia 4500
008
231129s1969||||xx |||||||||||||| ||spa||
082
_a
HAJ- 0259
100
_a
Ruiz García Enrique
245
0
_a
El tercer mundo
260
_c
1969
264
_a
España: Alianza 1969
942
_2
ddc
_c
BKS
999
_c
12530
_d
12530